Future of heritage protection unveiled (Record no. 117604)

MARC details
000 -LEADER
fixed length control field 01170cam a2200217 4500
001 - CONTROL NUMBER
control field WB4025-04
008 - FIXED-LENGTH DATA ELEMENTS--GENERAL INFORMATION
fixed length control field 040629n2004 000 0 eng u
035 ## - SYSTEM CONTROL NUMBER
System control number (Sirsi) u126620
245 ## - TITLE STATEMENT
Title Future of heritage protection unveiled
260 ## - PUBLICATION, DISTRIBUTION, ETC.
Date of publication, distribution, etc. 2004
490 ## - SERIES STATEMENT
Series statement DCMS News Release
Volume/sequential designation (081/04) 28 June 2004 (5)
520 ## - SUMMARY, ETC.
Summary, etc. A package of new rights for owners of period property, including statutory consultation and a new right of appeal has been announced by the heritage minister. A "Register of historic sites and buildings of England" will also be created. This will include all protected buildings, monuments, parks, gardens and battlefields. Over 500 people and organisations were involved in the public consultation. Further information and links to relevant documents can be found at http://www.culture.gov.uk/global/publications/arch ive_2004/review_heritage_protection.htm. http://www.culture.gov.uk/global/press_notices/arc hive_2004/dcms081_2004.htm
590 ## - LOCAL NOTE (RLIN)
Local note WB
590 ## - LOCAL NOTE (RLIN)
Local note WB
650 ## - SUBJECT ADDED ENTRY--TOPICAL TERM
Topical term or geographic name entry element LISTED BUILDINGS
650 ## - SUBJECT ADDED ENTRY--TOPICAL TERM
Topical term or geographic name entry element HERITAGE
650 ## - SUBJECT ADDED ENTRY--TOPICAL TERM
Topical term or geographic name entry element HISTORIC SITES
650 ## - SUBJECT ADDED ENTRY--TOPICAL TERM
Topical term or geographic name entry element PERIOD PROPERTY
690 ## - LOCAL SUBJECT ADDED ENTRY--TOPICAL TERM (OCLC, RLIN)
Topical term or geographic name as entry element BUILDING CONSERVATION
942 ## - ADDED ENTRY ELEMENTS (KOHA)
Suppress in OPAC 0
Holdings
Withdrawn status Lost status Source of classification or shelving scheme Damaged status Not for loan Home library Current library Shelving location Date acquired Total Checkouts Full call number Barcode Date last seen Copy number Price effective from Koha item type
    Dewey Decimal Classification     London London News article 29/06/2004   WB4025-04 126620-1001 06/08/2019 1 06/08/2019 News article